000 00341nam a2200157Ia 4500
100 _aDrucker/ Peter F.
490 _v2
942 _cBK
654 _aManaging in Turbalent Times
245 _aManaging in Turbalent Times
260 _bAllied Publishers
082 _a658.8
_bDRU
300 _a239
546 _aENGLISH
999 _c33401
_d33401